|
|
แสดงรายละเอียดบรรณานุกรม |
|
|
Brief Record
: Get Marc (ISO 2709)
: E-mail record
: |
| LEADER 00000nam 2200000uu 4500 | |||
| 001 210979 | |||
| 003 ULIBM | |||
| 008 020711s2559 th a 000 0 tha d | |||
| 041 ^atha | |||
| 090 ^aVCD000382 | |||
| 245 วีซีดี เรื่อง คู่มือหลักสูตรความปลอดภัยของผู้ป่วยขององค์การอนามัยโลก ฉบับ สหวิชาชีพ | |||
| 260 กรุงเทพฯ :^bสถาบันพระบรมราชชนก,^c2559 | |||
| 650 4 ^aความปลอดภัย^xผู้ป่วย | |||
| 650 4 ^aความปลอดภัย^xหลักสูตร^xคู่มือ | |||
| 710 2 ^aสถาบันพระบรมราชชนก | |||
| 999 ^aใช้งานได้ทุกระบบ | |||
| คุณยังไม่ได้ล็อกอิน คุณสามารถมีกิจกรรมร่วมกับเว็บไซต์ได้ แต่ต้องล็อกอินก่อน :: |
|
| สถานะ | |||||||||
| 1. | สื่อวีดิทัศน์ | VCD000382 2559 | On Shelf ขอยืม | ||||||
| [แสดง 1/1 รายการ] | |||||||||
BibComment |
| คอมเมนท์ทรัพยากรรายการนี้ |
|
|